000 00562nam a2200205 a 4500
003 DO-SdBNP
005 20220606133715.0
007 ta
008 220606b2013 dr ||||| |||| 00| 0 spa d
020 _a9789945887822
040 _aDO-SdBNP
_bspa
_cBNPHU
082 4 _222
100 1 _aDuarte Gómez, Juan Alberto
_981787
245 1 0 _aDécimas y más al padre de la patria /
_cJuan Alberto Duarte Gómez
260 _aSanto Domingo :
_bs.n.,
_c2013.
300 _a70 p. ;
_c16 cm.
590 _aInventariado, 2022/BT
910 _aBtavárez
942 _2ddc
_cLBS1
999 _c51938
_d51938